[Event "II. XXI. Rakosmente Open"]
[Site "Budapest"]
[Date "2022.08.21"]
[Round "5.9"]
[White "Bende, Eniko Tunde"]
[Black "Patai, Tamas"]
[Result "0-1"]
[WhiteElo "1306"]
[BlackElo "1683"]
[PlyCount "148"]
[EventDate "2022.08.19"]

1. c4 e5 2. Nc3 Nc6 3. Nf3 f5 4. d3 Nf6 5. g3 Bc5 6. Bg2 O-O 7. O-O d6 8. a3
Qe8 9. b4 Bb6 10. Qb3 Nd4 11. Nxd4 Bxd4 12. Bb2 Qh5 13. Nb5 Bxb2 14. Qxb2 f4
15. Nxc7 Rb8 16. Nd5 Bh3 17. Nxf6+ Rxf6 18. Rac1 Bxg2 19. Kxg2 f3+ 20. exf3
Qxf3+ 21. Kg1 Qxd3 22. Qc3 Rf3 23. Qxd3 Rxd3 24. a4 Rb3 25. Rb1 Ra3 26. a5 Rc8
27. Rfc1 Ra2 28. c5 d5 29. f4 e4 30. Rd1 Rd8 31. b5 Rxa5 32. c6 bxc6 33. bxc6
Rc5 34. Rb7 Rxc6 35. Rxa7 Rc2 36. Ra4 Kf7 37. Rad4 Ke6 38. Rxe4+ dxe4 39. Rxd8
Kf5 40. Rd5+ Kg4 41. Rd1 e3 42. Re1 Kf3 43. Rf1+ Ke4 44. Re1 Kd3 45. Rd1+ Ke2
46. Rf1 Kd2 47. Kg2 Rc1 48. Rf3 e2 49. Rf2 Kd1 50. Rxe2 Kxe2 51. g4 Ke3 52. Kg3
Rg1+ 53. Kh4 Kxf4 54. h3 g5+ 55. Kh5 Rh1 56. Kh6 Rxh3+ 57. Kg7 Kxg4 58. Kf6 Kf4
59. Ke6 Rd3 60. Kf6 Rd6+ 61. Ke7 Ke5 62. Kf7 Ra6 63. Kg7 Kf5 64. Kxh7 g4 65.
Kg7 Rb6 66. Kh7 Kg5 67. Kg7 Rb7+ 68. Kf8 Kf6 69. Ke8 Rh7 70. Kd8 Ke6 71. Kc8
Kd6 72. Kb8 Kc6 73. Ka8 Kb6 74. Kb8 Rh8# 0-1

[Event "II. XXI. Rakosmente Open"]
[Site "Budapest"]
[Date "2022.08.21"]
[Round "5.10"]
[White "Gondor, Jakab"]
[Black "Kustar, Gabor"]
[Result "0-1"]
[WhiteElo "1456"]
[BlackElo "1441"]
[PlyCount "112"]
[EventDate "2022.08.19"]

1. d4 Nf6 2. c4 Nc6 3. Nc3 e5 4. d5 Ne7 5. Bg5 Ng6 6. e4 h6 7. Be3 Bb4 8. f3
Bxc3+ 9. bxc3 d6 10. Bd3 b6 11. Ne2 O-O 12. O-O Nh5 13. Qd2 Qh4 14. Bf2 Qf6 15.
Ng3 Nhf4 16. Nf5 Nxd3 17. Qxd3 Nf4 18. Qc2 Bxf5 19. exf5 Qg5 20. Bg3 h5 21.
Bxf4 Qxf4 22. Qd3 Rac8 23. g3 Qg5 24. f4 exf4 25. Rxf4 Rfe8 26. Raf1 h4 27. Qf3
hxg3 28. hxg3 f6 29. Kf2 Re5 30. Kg2 Rce8 31. Qd1 Re2+ 32. R1f2 R8e3 33. Qxe2
Qxg3+ 34. Kf1 Qh3+ 35. Ke1 Rxe2+ 36. Kxe2 Qxc3 37. Rg4 Qc2+ 38. Ke1 Qb1+ 39.
Ke2 Qxa2+ 40. Kf3 Qb3+ 41. Kg2 Qe3 42. Rf3 Qe2+ 43. Kg3 a5 44. Rf2 Qe1 45. Kf3
Qd1+ 46. Kf4 Qd3 47. Rfg2 Qxc4+ 48. Ke3 Qxd5 49. Rxg7+ Kf8 50. R7g6 Qxf5 51.
Rg8+ Ke7 52. R2g7+ Ke6 53. Kd4 Qd5+ 54. Ke3 Kf5 55. Rg1 Qb3+ 56. Kd2 a4 0-1

[Event "II. XXI. Rakosmente Open"]
[Site "Budapest"]
[Date "2022.08.21"]
[Round "5.11"]
[White "Nagy, Daniel"]
[Black "Sulcz, Istvan"]
[Result "1-0"]
[WhiteElo "1532"]
[BlackElo "1762"]
[PlyCount "77"]
[EventDate "2022.08.19"]

1. e4 c5 2. Nf3 Nc6 3. Bb5 g6 4. O-O Nf6 5. Nc3 Bg7 6. Re1 O-O 7. Bxc6 dxc6 8.
d4 Bg4 9. dxc5 Qxd1 10. Rxd1 Bxf3 11. gxf3 Rfd8 12. Be3 Nd7 13. Na4 Ne5 14. f4
Nc4 15. Rab1 Kf8 16. b3 Nxe3 17. fxe3 Ke8 18. c4 e5 19. b4 exf4 20. exf4 Bd4+
21. Kf1 b5 22. cxb5 cxb5 23. Nb2 Bc3 24. Nd3 Rd4 25. e5 a5 26. Rb3 axb4 27. Ke2
Rxa2+ 28. Ke3 Rc4 29. h4 Rh2 30. Kf3 Rh3+ 31. Kg4 Rh2 32. Nxb4 Bxb4 33. Rbd3
Ba5 34. Rd7 Rxc5 35. Ra7 Bc7 36. Rb7 Rc3 37. Kg5 Rg3+ 38. Kf6 Bd8+ 39. Kg7 $138
1-0